000 00847nam a2200253 i 4500
001 59119
003 ES-MaACL
005 20250813014531.0
007 t|
008 031027s1970 sp ||||1| spa d
080 _a(031)"17"
100 1 _aDiderot, Denis,
_d1713-1784
_944511
245 1 3 _aLa Enciclopedia /
_cDiderot-D'Alembert ; selección, edición y prólogo de J. Lough ; [lo tradujo del francés, Jesús Torbado].
260 _aMadrid :
_bGuadarrama,
_c[1970]
300 _a281 p. ;
_c18 cm.
490 1 _aPunto Omega ;
_v90
650 4 _aEnciclopedias-
_vObras anteriores a 1800.
_912236
700 1 _aAlembert, Jean Le Rond d',
_d1717-1783
_919739
700 1 _aLough, J.
_974316
700 1 _aTorbado, Jesús.
_9110622
830 1 _aPunto Omega ;
_v90
_9180707
852 4 _aES-MaACL
_jC-48675
999 _c59119
_d59119